Design for teaching and training : (Record no. 4334)

MARC details
000 -LEADER
fixed length control field 00948nam a2200253 i 4500
001 - CONTROL NUMBER
control field 1777915
003 - CONTROL NUMBER IDENTIFIER
control field AUA.1
005 - DATE AND TIME OF LATEST TRANSACTION
control field 20151228124134.0
008 - FIXED-LENGTH DATA ELEMENTS--GENERAL INFORMATION
fixed length control field 780517s1978 tnua b 000 0 eng
010 ## - LIBRARY OF CONGRESS CONTROL NUMBER
LC control number 77087249
020 ## - INTERNATIONAL STANDARD BOOK NUMBER
International Standard Book Number 0805434224
040 ## - CATALOGING SOURCE
Original cataloging agency DLC
Transcribing agency DLC
Modifying agency DLC
050 00 - LIBRARY OF CONGRESS CALL NUMBER
Classification number LB 1027
Item number .F598 1978
082 00 - DEWEY DECIMAL CLASSIFICATION NUMBER
Classification number 371.3
100 1# - MAIN ENTRY--PERSONAL NAME
Personal name Ford, LeRoy.
9 (RLIN) 15854
245 10 - TITLE STATEMENT
Title Design for teaching and training :
Remainder of title a self-study guide to lesson planning /
Statement of responsibility, etc LeRoy Ford.
260 ## - PUBLICATION, DISTRIBUTION, ETC. (IMPRINT)
Place of publication, distribution, etc Nashville :
Name of publisher, distributor, etc Broadman Press,
Date of publication, distribution, etc c1978.
300 ## - PHYSICAL DESCRIPTION
Extent 389 p. :
Other physical details ill. ;
Dimensions 26 cm.
504 ## - BIBLIOGRAPHY, ETC. NOTE
Bibliography, etc Includes bibliographical references.
650 #0 - SUBJECT ADDED ENTRY--TOPICAL TERM
Topical term or geographic name as entry element Lesson planning.
9 (RLIN) 15855
906 ## - LOCAL DATA ELEMENT F, LDF (RLIN)
a 7
b cbc
c orignew
d 2
e opcn
f 19
g y-gencatlg
942 ## - ADDED ENTRY ELEMENTS (KOHA)
Source of classification or shelving scheme Library of Congress Classification
Koha item type Books
Classification part LB 1027
Item part .F598 1978
Holdings
Withdrawn status Lost status Source of classification or shelving scheme Damaged status Not for loan Collection code Home library Current library Shelving location Date acquired Source of acquisition Cost, normal purchase price Serial Enumeration / chronology Total Checkouts Full call number Barcode Date last seen Date checked out Cost, replacement price Price effective from Koha item type
    Library of Congress Classification     Books Judith Thomas Library Judith Thomas Library General Stacks 27/11/2011 Donation, Biblical Research Institute 25.00 AUA005032 1 LB 1027 .F598 1978 AUA005032 28/12/2015 22/10/2015 25.00 27/11/2011 Books